[Event "LSKs 6:e int. junior"]
[Site "Malmoe"]
[Date "2000.06.20"]
[Round "6"]
[White "Stehno, Pavel"]
[Black "Olsson, Linus"]
[Result "1/2-1/2"]
[WhiteElo "2103"]
[BlackElo "2105"]
[PlyCount "83"]
[EventDate "2000.06.??"]
[Source "Martin Tretvold"]

1. e4 c5 2. Nf3 d6 3. d4 cxd4 4. Nxd4 Nf6 5. Nc3 a6 6. Bc4 e6 7. Bb3 Nbd7 8.
O-O Nc5 9. Bg5 Be7 10. f4 Nfxe4 11. Nxe4 Nxe4 12. Bxe7 Qxe7 13. f5 e5 14. Qg4
Nf6 15. Qxg7 Rg8 16. Qh6 Bd7 17. Ne6 fxe6 18. fxe6 Bc6 19. Rxf6 Rxg2+ 20. Kf1
Rxh2 21. Qxh2 Qxf6+ 22. Qf2 Ke7 23. Qxf6+ Kxf6 24. Ke2 d5 25. c4 Kxe6 26. cxd5+
Bxd5 27. Rh1 Bxb3 28. axb3 Rg8 29. Rxh7 b5 30. Rh6+ Kd5 31. Rxa6 Rg2+ 32. Kd3
Rxb2 33. Kc3 Rh2 34. Kb4 e4 35. Kxb5 e3 36. Ra8 e2 37. b4 Kd4 38. Rd8+ Ke3 39.
Re8+ Kf2 40. Ka6 Rh3 41. Rxe2+ Kxe2 42. b5 1/2-1/2

[Event "LSKs 6:e int. junior"]
[Site "Malmoe"]
[Date "2000.06.20"]
[Round "6"]
[White "Stopa, Jacek"]
[Black "Janaszak, David"]
[Result "0-1"]
[WhiteElo "2084"]
[BlackElo "2119"]
[PlyCount "80"]
[EventDate "2000.06.??"]
[Source "Martin Tretvold"]

1. e4 c5 2. Nf3 e6 3. d4 cxd4 4. Nxd4 a6 5. Bd3 Nf6 6. O-O Qc7 7. c4 Bd6 8. h3
Nc6 9. Be3 O-O 10. Nxc6 bxc6 11. f4 e5 12. c5 Be7 13. f5 Rb8 14. b3 Rd8 15. Qc2
d5 16. cxd6 Qxd6 17. Bc4 Bb7 18. Nc3 Qb4 19. a3 Qa5 20. b4 Qc7 21. Qb3 c5 22.
Bxf7+ Kh8 23. Qc4 Rbc8 24. b5 axb5 25. Nxb5 Qa5 26. Be6 Rb8 27. a4 Bxe4 28.
Rfd1 Qa8 29. g4 Bh1 30. Qc2 Qf3 31. Re1 Rd3 32. Kh2 Rbd8 33. Qe2 Qe4 34. Bg5
Qxe2+ 35. Rxe2 Bf3 36. Re3 Nxg4+ 37. hxg4 Bxg5 38. Rxd3 Bf4+ 39. Kg1 Rxd3 40.
a5 Rd2 0-1

[Event "LSKs 6:e int. junior"]
[Site "Malmoe"]
[Date "2000.06.20"]
[Round "6"]
[White "Siegbahn, Patrick"]
[Black "Rosell, Tomas"]
[Result "0-1"]
[WhiteElo "2067"]
[BlackElo "1968"]
[PlyCount "72"]
[EventDate "2000.06.??"]
[Source "Martin Tretvold"]

1. c4 e5 2. Nc3 f5 3. g3 d6 4. Bg2 c6 5. d3 g6 6. e3 Bg7 7. Nge2 Nf6 8. O-O O-O
9. Qc2 a5 10. Rb1 Be6 11. f4 Nbd7 12. a3 Bf7 13. b4 axb4 14. axb4 Qc7 15. Kh1
Rfe8 16. b5 Nc5 17. fxe5 dxe5 18. bxc6 bxc6 19. e4 Red8 20. Be3 Qd6 21. exf5
gxf5 22. d4 Nce4 23. Nxe4 fxe4 24. c5 Qe6 25. dxe5 Ng4 26. Bf4 e3 27. Nc3 Qc4
28. Bxc6 Ra3 29. Rbc1 Rxc3 30. Qxc3 Qe2 31. Bg2 Rd2 32. Qxd2 exd2 33. Bxd2 Qxd2
34. c6 Bd5 35. Bxd5+ Qxd5+ 36. Kg1 Qd2 0-1

[Event "LSKs 6:e int. junior"]
[Site "Malmoe"]
[Date "2000.06.20"]
[Round "6"]
[White "Kyndel Pedersen, Christian"]
[Black "Cherkasova, Evgenia"]
[Result "1-0"]
[WhiteElo "2089"]
[BlackElo "2046"]
[PlyCount "75"]
[EventDate "2000.06.??"]
[Source "Martin Tretvold"]

1. d4 Nf6 2. c4 g6 3. Nc3 Bg7 4. e4 d6 5. f3 O-O 6. Be3 Nc6 7. Nge2 a6 8. d5
Ne5 9. Nc1 c6 10. a4 a5 11. Qb3 Nfd7 12. Qa3 Nb6 13. Qb3 c5 14. Be2 e6 15. f4
exd5 16. cxd5 Ng4 17. Bxg4 Bxg4 18. Nd3 Re8 19. Nf2 Bd7 20. O-O Rb8 21. e5 Nc8
22. Nce4 dxe5 23. fxe5 Bxe5 24. Nd3 Bxh2+ 25. Kxh2 Rxe4 26. Nxc5 Rh4+ 27. Kg1
Bf5 28. Bf4 Nd6 29. Qe3 Rh5 30. Qe5 Qh4 31. Bg3 Qg5 32. Qxd6 Rd8 33. Qf4 Rxd5
34. Ne4 Qe7 35. Rae1 Qd8 36. Qb8 Qxb8 37. Nf6+ Kg7 38. Nxh5+ 1-0

[Event "LSKs 6:e int. junior"]
[Site "Malmoe"]
[Date "2000.06.20"]
[Round "6"]
[White "Laksman, Efraim"]
[Black "Cherkasova, Marina"]
[Result "0-1"]
[WhiteElo "2121"]
[BlackElo "2133"]
[PlyCount "56"]
[EventDate "2000.06.??"]
[Source "Martin Tretvold"]

1. e4 c5 2. d3 Nc6 3. g3 g6 4. Bg2 Bg7 5. c3 e6 6. f4 Nge7 7. Nf3 d6 8. O-O O-O
9. Kh1 Rb8 10. g4 f5 11. gxf5 exf5 12. Ng5 Kh8 13. Qe1 h6 14. Nf3 b5 15. a3 c4
16. dxc4 fxe4 17. Nh4 bxc4 18. Bxe4 Bf5 19. Rg1 d5 20. Nxg6+ Nxg6 21. Bxf5 Nh4
22. Bc2 d4 23. Qe4 d3 24. Qxc6 dxc2 25. Nd2 Rc8 26. Qe6 Re8 27. Qf7 Rc7 28. Qh5
Qa8+ 0-1

[Event "LSKs 6:e int. junior"]
[Site "Malmoe"]
[Date "2000.06.20"]
[Round "6"]
[White "Wakeham, Daniel"]
[Black "Pirklova, Hana"]
[Result "1-0"]
[WhiteElo "2104"]
[BlackElo "2076"]
[PlyCount "67"]
[EventDate "2000.06.??"]
[Source "Martin Tretvold"]

1. d4 Nf6 2. c4 g6 3. Nc3 Bg7 4. e4 d6 5. Nf3 O-O 6. Be2 Nbd7 7. O-O e5 8. Re1
h6 9. Bf1 Re8 10. a3 a5 11. b3 b6 12. Bb2 Bb7 13. d5 Nh7 14. Qc2 Rf8 15. Nd2 f5
16. b4 f4 17. Na4 axb4 18. axb4 Rf7 19. c5 bxc5 20. bxc5 Bc8 21. Bb5 g5 22. Bc6
Rb8 23. Ba3 Bf8 24. Nc4 Ndf6 25. Rab1 Rxb1 26. Rxb1 Bg4 27. Rb7 f3 28. Qb1 Nh5
29. Ne3 Rf4 30. g3 Bh3 31. cxd6 cxd6 32. Nb6 N7f6 33. Nbc4 Rxe4 34. Rb8 1-0

[Event "LSKs 6:e int. junior"]
[Site "Malmoe"]
[Date "2000.06.20"]
[Round "6"]
[White "Innab, Schass"]
[Black "Tretvold, Martin"]
[Result "1-0"]
[WhiteElo "1899"]
[BlackElo "1745"]
[PlyCount "45"]
[EventDate "2000.06.??"]
[Source "Martin Tretvold"]

1. e4 c6 2. d4 d5 3. exd5 cxd5 4. Bd3 Nc6 5. c3 Qc7 6. Ne2 e6 7. Bf4 Bd6 8.
Bxd6 Qxd6 9. Nd2 Nge7 10. O-O Ng6 11. f4 Nce7 12. Qe1 O-O 13. g4 f5 14. g5 Kf7
15. h4 Rh8 16. h5 Nf8 17. Nf3 Nc6 18. Qh4 g6 19. Ne5+ Kg8 20. hxg6 Nxg6 21. Qh5
Nce7 22. Ng3 Qb6 23. Qh6 1-0

[Event "LSKs 6:e int. junior"]
[Site "Malmoe"]
[Date "2000.06.20"]
[Round "6"]
[White "Debowiak, Marcin"]
[Black "Stahlberg, David"]
[Result "1/2-1/2"]
[WhiteElo "2114"]
[BlackElo "1845"]
[PlyCount "63"]
[EventDate "2000.06.??"]
[Source "Martin Tretvold"]

1. e4 e6 2. d4 d5 3. e5 c5 4. c3 Nc6 5. Nf3 Bd7 6. a3 f6 7. Bd3 cxd4 8. cxd4
fxe5 9. dxe5 Qc7 10. Bf4 Nf6 11. O-O Nh5 12. Bd2 g6 13. Re1 Ng7 14. Bh6 Nf5 15.
Bg5 Bg7 16. Bxf5 gxf5 17. Qd2 Kf7 18. Qe2 h6 19. Bf4 Qb6 20. Nc3 Nd4 21. Nxd4
Qxd4 22. Qf3 h5 23. Ne2 Qe4 24. Qb3 Qa4 25. Qf3 Qe4 26. Qh3 Rac8 27. Rad1 h4
28. Rd4 Qc2 29. Rd2 Qe4 30. Rd4 Qc2 31. Rd2 Qe4 32. Rd4 1/2-1/2

[Event "LSKs 6:e int. junior"]
[Site "Malmoe"]
[Date "2000.06.20"]
[Round "6"]
[White "Stahlberg, Adam"]
[Black "Stopa, Pawel"]
[Result "1-0"]
[WhiteElo "1857"]
[BlackElo "1700"]
[PlyCount "61"]
[EventDate "2000.06.??"]
[Source "Martin Tretvold"]

1. d4 d5 2. c4 dxc4 3. Nc3 c6 4. e3 b5 5. Nxb5 cxb5 6. Qf3 Nc6 7. Qxc6+ Bd7 8.
Qf3 e6 9. Bd2 Rc8 10. Qd1 Nf6 11. Be2 Nd5 12. Rc1 Rc7 13. e4 Nb4 14. a3 Na2 15.
Rc2 b4 16. Rxc4 Rxc4 17. Bxc4 bxa3 18. Bxa2 axb2 19. Qb3 Qb6 20. Qxb6 axb6 21.
Bc3 Ba3 22. Kd2 Bc6 23. f3 Ba4 24. Ne2 b5 25. Rb1 O-O 26. Bxb2 Bxb2 27. Rxb2
Rb8 28. Bb3 Ra8 29. Ra2 Kf8 30. Nc3 Ke7 31. Nxb5 1-0

[Event "LSKs 6:e int. junior"]
[Site "Malmoe"]
[Date "2000.06.20"]
[Round "7"]
[White "Mach, Petr"]
[Black "Rasmussen, Allan Stig"]
[Result "1/2-1/2"]
[WhiteElo "2215"]
[BlackElo "2164"]
[PlyCount "57"]
[EventDate "2000.06.??"]
[Source "Martin Tretvold"]

1. e4 c6 2. c4 d5 3. exd5 cxd5 4. cxd5 Nf6 5. Nc3 g6 6. d4 Bg7 7. Bc4 O-O 8.
Nf3 Nbd7 9. O-O Nb6 10. Bb3 Nbxd5 11. Re1 e6 12. Bg5 h6 13. Bxf6 Nxf6 14. Ne5
b6 15. Qf3 Ba6 16. Rad1 Kh7 17. Ba4 Qc7 18. Bc6 Rab8 19. b4 Bb7 20. Nb5 Qe7 21.
Nxa7 Ba6 22. Qa3 Bb7 23. d5 Nxd5 24. Nd7 Ra8 25. Nxf8+ Bxf8 26. Bxd5 Bxd5 27.
Rxd5 Qxb4 28. Qxb4 Bxb4 29. Rxe6 1/2-1/2

[Event "LSKs 6:e int. junior"]
[Site "Malmoe"]
[Date "2000.06.20"]
[Round "7"]
[White "Mansson, Lars"]
[Black "Kulesza, Mateusz"]
[Result "1-0"]
[WhiteElo "2156"]
[BlackElo "2140"]
[PlyCount "51"]
[EventDate "2000.06.??"]
[Source "Martin Tretvold"]

1. e4 e6 2. d4 d5 3. Nc3 Bb4 4. e5 Ne7 5. Bd2 c5 6. a3 Bxc3 7. Bxc3 Nbc6 8. Nf3
cxd4 9. Nxd4 Nxd4 10. Bxd4 Nc6 11. Be2 O-O 12. c3 Qc7 13. f4 f6 14. exf6 Nxd4
15. Qxd4 Rxf6 16. O-O Bd7 17. Rae1 Raf8 18. g3 a6 19. Bd3 Kh8 20. Re5 Bb5 21.
Bxb5 axb5 22. Rfe1 Qc6 23. Qe3 Re8 24. f5 Ref8 25. Rxe6 Qd7 26. Rxf6 1-0

[Event "LSKs 6:e int. junior"]
[Site "Malmoe"]
[Date "2000.06.20"]
[Round "7"]
[White "Janaszak, David"]
[Black "Stehno, Pavel"]
[Result "1/2-1/2"]
[WhiteElo "2119"]
[BlackElo "2103"]
[PlyCount "54"]
[EventDate "2000.06.??"]
[Source "Martin Tretvold"]

1. e4 c5 2. Nf3 d6 3. d4 cxd4 4. Qxd4 a6 5. c4 Nc6 6. Qd2 Nf6 7. Nc3 e6 8. b3
Be7 9. Bb2 O-O 10. Be2 b6 11. O-O-O b5 12. Nd4 Nxd4 13. Qxd4 bxc4 14. Bxc4 Qa5
15. Kb1 Bd7 16. Rhe1 Bb5 17. e5 Bxc4 18. exd6 Rfd8 19. Qxc4 Rxd6 20. Rxd6 Bxd6
21. Rd1 Be7 22. Ne4 Nxe4 23. Qxe4 Rc8 24. Qe5 Qxe5 25. Bxe5 f6 26. Rd7 Bc5 27.
Bd4 Ba3 1/2-1/2

[Event "LSKs 6:e int. junior"]
[Site "Malmoe"]
[Date "2000.06.20"]
[Round "7"]
[White "Rosell, Tomas"]
[Black "Olsson, Linus"]
[Result "0-1"]
[WhiteElo "1968"]
[BlackElo "2105"]
[PlyCount "80"]
[EventDate "2000.06.??"]
[Source "Martin Tretvold"]

1. e4 c5 2. Nf3 d6 3. d4 cxd4 4. Nxd4 Nf6 5. Nc3 a6 6. Be3 e5 7. Nb3 Be6 8. f3
Be7 9. Qd2 O-O 10. O-O-O b5 11. Nd5 Bxd5 12. exd5 Qc7 13. Kb1 Rc8 14. g4 Nfd7
15. Qf2 Bh4 16. Qg2 Bd8 17. h4 Nb6 18. g5 Nc4 19. Bc1 a5 20. Bd3 a4 21. Na1 a3
22. b3 Nb2 23. Rd2 Nxd3 24. cxd3 Nd7 25. h5 Nb6 26. f4 exf4 27. Re2 Be7 28.
Bxf4 Qb7 29. Nc2 Nxd5 30. Rhe1 Bf8 31. Ka1 Qc6 32. Bc1 Qc3+ 33. Kb1 Qxd3 34.
Ka1 Nf4 35. Qe4 Qc3+ 36. Kb1 Nxe2 37. Rxe2 Ra7 38. Rf2 Re7 39. Qg4 Re1 40. Qf4
Qb2# 0-1

[Event "LSKs 6:e int. junior"]
[Site "Malmoe"]
[Date "2000.06.20"]
[Round "7"]
[White "Kyndel Pedersen, Christian"]
[Black "Stopa, Jacek"]
[Result "0-1"]
[WhiteElo "2089"]
[BlackElo "2084"]
[PlyCount "52"]
[EventDate "2000.06.??"]
[Source "Martin Tretvold"]

1. d4 Nf6 2. c4 g6 3. Nc3 d5 4. cxd5 Nxd5 5. g3 Bg7 6. Bg2 Nb6 7. Nf3 O-O 8.
O-O Nc6 9. d5 Na5 10. Qc2 e6 11. Bf4 Nac4 12. dxe6 Bxe6 13. Rad1 Qe7 14. Nd4
Qb4 15. Bxb7 Rab8 16. Be4 Nxb2 17. a3 Qc4 18. Ncb5 Nxd1 19. Rxd1 Qxc2 20. Bxc2
Nd5 21. Bxc7 Nxc7 22. Nxc7 Rfd8 23. Ncb5 a6 24. Nxe6 Rxd1+ 25. Bxd1 fxe6 26.
Nc3 Bxc3 0-1

[Event "LSKs 6:e int. junior"]
[Site "Malmoe"]
[Date "2000.06.20"]
[Round "7"]
[White "Cherkasova, Marina"]
[Black "Siegbahn, Patrick"]
[Result "0-1"]
[WhiteElo "2133"]
[BlackElo "2067"]
[PlyCount "92"]
[EventDate "2000.06.??"]
[Source "Martin Tretvold"]

1. e4 c5 2. Nf3 Nc6 3. d4 cxd4 4. Nxd4 g6 5. c4 Nf6 6. Nc3 Nxd4 7. Qxd4 d6 8.
Qd1 Bg7 9. Be2 O-O 10. O-O Be6 11. Be3 a6 12. Rc1 Qa5 13. f4 Rfc8 14. b3 b5 15.
f5 gxf5 16. exf5 Bd7 17. Bf3 Bc6 18. Bxc6 Rxc6 19. Nd5 Nxd5 20. Qxd5 Rac8 21.
Rf3 Qc7 22. Rg3 Kf8 23. Qe4 Be5 24. Rg4 bxc4 25. bxc4 Qa5 26. f6 Bxf6 27. Qxh7
Ke8 28. Qg8+ Kd7 29. Qxf7 Qa3 30. Re1 Qd3 31. Bg5 Bxg5 32. Rxg5 Re8 33. Qe6+
Kc7 34. Rg4 Rc5 35. Rge4 Kb6 36. Qf7 Rec8 37. Rxe7 Rxc4 38. Rb7+ Ka5 39. Qh5+
R8c5 40. Qe8 Rc1 41. Qd8+ Ka4 42. Qh4+ R5c4 43. Qe7 Qd4+ 44. Kh1 Qd2 45. Qe8+
Ka5 46. Rb1 Rxb1 0-1

[Event "LSKs 6:e int. junior"]
[Site "Malmoe"]
[Date "2000.06.20"]
[Round "7"]
[White "Cherkasova, Evgenia"]
[Black "Wakeham, Daniel"]
[Result "0-1"]
[WhiteElo "2046"]
[BlackElo "2104"]
[PlyCount "92"]
[EventDate "2000.06.??"]
[Source "Martin Tretvold"]

1. e4 e6 2. d4 d5 3. Nd2 Nf6 4. e5 Nfd7 5. Bd3 c5 6. c3 b6 7. Ne2 Ba6 8. Bc2
Nc6 9. Nf3 Rc8 10. a3 Qc7 11. Ba4 b5 12. Bb3 Be7 13. O-O O-O 14. Ng3 Na5 15.
Ba2 cxd4 16. b4 Nc4 17. cxd4 Bb7 18. Bb1 a5 19. Ng5 g6 20. Nxh7 Rfe8 21. Ng5
Ncxe5 22. h4 Nc6 23. Re1 Nf8 24. h5 Bf6 25. hxg6 fxg6 26. Qg4 Nxd4 27. Bb2 Nf3+
28. gxf3 Bxb2 29. Nxe6 Rxe6 30. Bf5 Rf6 31. Bxc8 Bxc8 32. Qg5 Bxa1 33. Rxa1 Qf7
34. Rc1 Bb7 35. bxa5 Rxf3 36. Qe5 Ne6 37. Re1 Rf6 38. Qb8+ Kh7 39. Qe5 d4 40.
Ne4 Bxe4 41. Rxe4 d3 42. Rh4+ Kg7 43. Qc3 Ng5 44. Kg2 Qd5+ 45. Kf1 d2 46. Qc7+
Nf7 0-1

[Event "LSKs 6:e int. junior"]
[Site "Malmoe"]
[Date "2000.06.20"]
[Round "7"]
[White "Innab, Schass"]
[Black "Stahlberg, Adam"]
[Result "1-0"]
[WhiteElo "1899"]
[BlackElo "1857"]
[PlyCount "87"]
[EventDate "2000.06.??"]
[Source "Martin Tretvold"]

1. e4 c6 2. d4 d5 3. exd5 cxd5 4. Bf4 e6 5. Bd3 Nf6 6. c3 Nc6 7. Nd2 Bd6 8.
Bxd6 Qxd6 9. Ne2 Bd7 10. h3 Ne7 11. O-O O-O 12. f4 Bc6 13. g4 Ne4 14. Qe1 f5
15. g5 Ng6 16. Rd1 Rac8 17. Rf3 Rf7 18. Nf1 Rfc7 19. h4 Qd7 20. h5 Ne7 21. Ne3
b5 22. Nc1 Qd6 23. Bc2 Be8 24. Nd3 Nc6 25. Rh3 b4 26. cxb4 Nxd4 27. Bb3 Bb5 28.
Ng2 Qb6 29. Nc5 Nxc5 30. bxc5 Qxc5 31. Kh1 Ne2 32. Re3 Nd4 33. Rxe6 Nxe6 34.
Qxe6+ Kh8 35. Rxd5 Qc1+ 36. Kh2 Bc4 37. Bxc4 Qxc4 38. Qxf5 Qc6 39. Qd3 Kg8 40.
g6 h6 41. Rd8+ Qe8 42. Rxe8+ Rxe8 43. Ne3 Rb8 44. Kg3 1-0

[Event "LSKs 6:e int. junior"]
[Site "Malmoe"]
[Date "2000.06.20"]
[Round "7"]
[White "Stahlberg, David"]
[Black "Laksman, Efraim"]
[Result "1-0"]
[WhiteElo "1845"]
[BlackElo "2121"]
[PlyCount "71"]
[EventDate "2000.06.??"]
[Source "Martin Tretvold"]

1. d4 g6 2. Nf3 Bg7 3. g3 d6 4. Bg2 Nf6 5. O-O O-O 6. Re1 Nfd7 7. e4 c5 8. c3
Nc6 9. Be3 cxd4 10. cxd4 Nb6 11. Nc3 Bg4 12. b3 Rc8 13. Rc1 a5 14. Qd2 Bxf3 15.
Bxf3 a4 16. Nxa4 Nxa4 17. bxa4 Ra8 18. Bd1 Qa5 19. Qxa5 Rxa5 20. d5 Ne5 21. Rc7
Nd3 22. Re2 Nb2 23. Bb3 Bf6 24. Bb6 Raa8 25. a5 Rfb8 26. f4 Nd3 27. Re3 Nb4 28.
e5 dxe5 29. fxe5 Bg5 30. Rf3 Rf8 31. h4 Bh6 32. Rxe7 Rac8 33. d6 Rc1+ 34. Kg2
Nc2 35. Bxc2 Rxc2+ 36. Rf2 1-0

[Event "LSKs 6:e int. junior"]
[Site "Malmoe"]
[Date "2000.06.20"]
[Round "7"]
[White "Stopa, Pawel"]
[Black "Debowiak, Marcin"]
[Result "0-1"]
[WhiteElo "1700"]
[BlackElo "2114"]
[PlyCount "50"]
[EventDate "2000.06.??"]
[Source "Martin Tretvold"]

1. e4 e6 2. g3 c5 3. Bg2 Nc6 4. d3 g6 5. Be3 d6 6. Nf3 Bg7 7. Nc3 Nge7 8. O-O
Nd4 9. a3 O-O 10. b4 Nxf3+ 11. Bxf3 Bxc3 12. Bh6 Bg7 13. Bxg7 Kxg7 14. bxc5
dxc5 15. e5 Nc6 16. Bg2 Nxe5 17. c3 Qxd3 18. Qxd3 Nxd3 19. Rfd1 c4 20. Be4 Rd8
21. Rd2 e5 22. Rad1 f5 23. Bxd3 Rxd3 24. Rxd3 cxd3 25. Rxd3 Be6 0-1

[Event "LSKs 6:e int. junior"]
[Site "Malmoe"]
[Date "2000.06.20"]
[Round "7"]
[White "Pirklova, Hana"]
[Black "Tretvold, Martin"]
[Result "0-1"]
[WhiteElo "2076"]
[BlackElo "1745"]
[PlyCount "58"]
[EventDate "2000.06.??"]
[Source "Martin Tretvold"]

1. e4 c6 2. d4 d5 3. e5 Bf5 4. Nf3 e6 5. Be2 c5 6. c3 Nc6 7. a3 Qb6 8. b4 cxd4
9. cxd4 Bg4 10. Bb2 Nge7 11. Nbd2 Ng6 12. h3 Bxf3 13. Nxf3 Be7 14. g3 O-O 15.
O-O f5 16. exf6 Bxf6 17. h4 Nge7 18. g4 Ng6 19. g5 Bd8 20. Bd3 Nf4 21. Bc2 Bc7
22. Bc1 Ne7 23. Bxf4 Rxf4 24. Rb1 Qd6 25. Ne5 Nc6 26. Qh5 Nxe5 27. Qxh7+ Kf8
28. Rfe1 Nf3+ 29. Kf1 Rxh4 0-1

[Event "LSKs 6:e int. junior"]
[Site "Malmoe"]
[Date "2000.06.21"]
[Round "8"]
[White "Rasmussen, Allan Stig"]
[Black "Stopa, Jacek"]
[Result "1-0"]
[WhiteElo "2164"]
[BlackElo "2084"]
[PlyCount "95"]
[EventDate "2000.06.??"]
[Source "Martin Tretvold"]

1. e4 e6 2. d3 c5 3. e5 Nc6 4. f4 d6 5. exd6 Bxd6 6. Nf3 Nf6 7. g3 O-O 8. Bg2
e5 9. fxe5 Nxe5 10. O-O Bg4 11. Nc3 Qb6 12. Ne2 Nxf3+ 13. Bxf3 Bxf3 14. Rxf3
Be5 15. Kg2 Rad8 16. Qf1 Rd7 17. Rb1 Re8 18. Bg5 Nd5 19. a3 h6 20. Bd2 Rde7 21.
Rf2 Qc6 22. Kg1 Bf6 23. Qg2 Qd7 24. b3 Ne3 25. Bxe3 Rxe3 26. Rbf1 Qg4 27. Rxf6
gxf6 28. Nf4 Re1 29. Qxb7 Rxf1+ 30. Kxf1 Qd1+ 31. Kg2 Qxc2+ 32. Kh3 Re5 33. a4
a5 34. Qc8+ Kh7 35. Qa6 Kg7 36. Qxa5 Qxb3 37. Qa8 Qd1 38. a5 h5 39. a6 Qf1+ 40.
Kh4 Qd1 41. h3 Rg5 42. Qc8 Qf3 43. Ne6+ Kh7 44. Nxg5+ fxg5+ 45. Kxg5 Qxg3+ 46.
Kf6 Qg7+ 47. Ke7 f5+ 48. Kd8 1-0

[Event "LSKs 6:e int. junior"]
[Site "Malmoe"]
[Date "2000.06.21"]
[Round "8"]
[White "Janaszak, David"]
[Black "Mansson, Lars"]
[Result "0-1"]
[WhiteElo "2119"]
[BlackElo "2156"]
[PlyCount "34"]
[EventDate "2000.06.??"]
[Source "Martin Tretvold"]

1. e4 c6 2. d4 d5 3. Nc3 dxe4 4. Nxe4 Nf6 5. Nxf6+ gxf6 6. Nf3 Bg4 7. Be2 Qc7
8. Be3 e6 9. Qd2 Nd7 10. c4 O-O-O 11. Qc3 Rg8 12. O-O-O c5 13. g3 Nb6 14. Rd2
Qc6 15. dxc5 Rxd2 16. Bxd2 Bxc5 17. Qxf6 Qe4 0-1

[Event "LSKs 6:e int. junior"]
[Site "Malmoe"]
[Date "2000.06.21"]
[Round "8"]
[White "Olsson, Linus"]
[Black "Kulesza, Mateusz"]
[Result "1/2-1/2"]
[WhiteElo "2105"]
[BlackElo "2140"]
[PlyCount "43"]
[EventDate "2000.06.??"]
[Source "Martin Tretvold"]

1. d4 d5 2. c4 e6 3. Nf3 Be7 4. g3 Nf6 5. Bg2 O-O 6. O-O dxc4 7. Qc2 Nbd7 8.
Nbd2 c5 9. dxc5 Bxc5 10. Nxc4 Qe7 11. Bf4 Nb6 12. Rac1 Bd7 13. Nfe5 Bb5 14. Qb3
Bxc4 15. Nxc4 Rac8 16. Bg5 h6 17. Bxf6 Qxf6 18. Bxb7 Rb8 19. Qf3 Nxc4 20. Rxc4
Qxb2 21. Be4 Qe5 22. Bd3 1/2-1/2

[Event "LSKs 6:e int. junior"]
[Site "Malmoe"]
[Date "2000.06.21"]
[Round "8"]
[White "Wakeham, Daniel"]
[Black "Rosell, Tomas"]
[Result "1/2-1/2"]
[WhiteElo "2104"]
[BlackElo "1968"]
[PlyCount "83"]
[EventDate "2000.06.??"]
[Source "Martin Tretvold"]

1. d4 Nf6 2. c4 e6 3. Nf3 d5 4. Nc3 c6 5. cxd5 exd5 6. Bg5 Be7 7. Qc2 O-O 8. e3
Nbd7 9. Bd3 Re8 10. O-O Nf8 11. Rab1 a5 12. a3 g6 13. b4 axb4 14. axb4 Ne6 15.
Bxf6 Bxf6 16. Rfc1 b5 17. Re1 Bb7 18. Nd2 Bg7 19. Ne2 Qd6 20. Nb3 Ra4 21. Na5
Ba8 22. Rec1 Nd8 23. Qb3 Bf8 24. Rc5 Nb7 25. Nxb7 Bxb7 26. Nc3 Raa8 27. Ne2 Qf6
28. Rc2 Ra4 29. Qc3 Qe7 30. Rcb2 h5 31. Bc2 Ra6 32. Nc1 Qh4 33. Nd3 Ra7 34. Nc5
Bc8 35. Bd3 Bd6 36. g3 Qg5 37. e4 Bf8 38. Re1 h4 39. Rbe2 hxg3 40. fxg3 Bg4 41.
Rf2 Bg7 42. Be2 1/2-1/2

[Event "LSKs 6:e int. junior"]
[Site "Malmoe"]
[Date "2000.06.21"]
[Round "8"]
[White "Stehno, Pavel"]
[Black "Innab, Schass"]
[Result "0-1"]
[WhiteElo "2103"]
[BlackElo "1899"]
[PlyCount "26"]
[EventDate "2000.06.??"]
[Source "Martin Tretvold"]

1. e4 e6 2. d4 d5 3. e5 c5 4. c3 Nc6 5. Nf3 Qb6 6. a3 f6 7. exf6 Nxf6 8. Bd3
cxd4 9. cxd4 Bd7 10. O-O Bd6 11. b4 Nxd4 12. Nxd4 Qxd4 13. Bg6+ hxg6 0-1

[Event "LSKs 6:e int. junior"]
[Site "Malmoe"]
[Date "2000.06.21"]
[Round "8"]
[White "Siegbahn, Patrick"]
[Black "Mach, Petr"]
[Result "0-1"]
[WhiteElo "2067"]
[BlackElo "2215"]
[PlyCount "60"]
[EventDate "2000.06.??"]
[Source "Martin Tretvold"]

1. d4 Nf6 2. c4 g6 3. Nc3 Bg7 4. e4 d6 5. f3 c6 6. Be3 Nbd7 7. Nh3 O-O 8. Nf2
e5 9. d5 c5 10. Bd3 Nh5 11. g3 f5 12. exf5 gxf5 13. Qc2 e4 14. fxe4 f4 15. gxf4
Nxf4 16. Rg1 Ne5 17. O-O-O Kh8 18. Ne2 Nfg6 19. Ng3 Rf3 20. Qe2 Qh4 21. Kb1 Bh6
22. Bxh6 Qxh6 23. Nf5 Bxf5 24. exf5 Nf4 25. Qc2 Qh4 26. Rgf1 Ng2 27. Be4 Rxf2
28. Qxf2 Qxe4+ 29. Ka1 Ne3 30. f6 Nxd1 0-1

[Event "LSKs 6:e int. junior"]
[Site "Malmoe"]
[Date "2000.06.21"]
[Round "8"]
[White "Tretvold, Martin"]
[Black "Kyndel Pedersen, Christian"]
[Result "0-1"]
[WhiteElo "1745"]
[BlackElo "2089"]
[PlyCount "78"]
[EventDate "2000.06.??"]
[Source "Martin Tretvold"]

1. c4 e5 2. g3 d6 3. Bg2 f5 4. d4 c6 5. dxe5 dxe5 6. Qxd8+ Kxd8 7. Nf3 e4 8.
Ne5 Be6 9. b3 Be7 10. Bd2 a5 11. Bc3 Bf6 12. f3 exf3 13. exf3 Kc7 14. Nd3 a4
15. Nc5 Bf7 16. Nxa4 Bxc4 17. Nd2 Bf7 18. Kf2 Bxc3 19. Nxc3 Nd7 20. Rhd1 Ngf6
21. Bf1 Ne5 22. Re1 Rhe8 23. Rad1 Rad8 24. Ndb1 Rxd1 25. Rxd1 b5 26. Rd2 b4 27.
Nd1 Nxf3 28. Kxf3 Bh5+ 29. Kg2 Re1 30. Nbc3 bxc3 31. Nxc3 Rc1 32. Na4 Bf7 33.
Be2 g5 34. Bd3 Bd5+ 35. Kh3 f4 36. gxf4 gxf4 37. Rf2 f3 38. Nb2 Rg1 39. Bf5 Rg5
0-1

[Event "LSKs 6:e int. junior"]
[Site "Malmoe"]
[Date "2000.06.21"]
[Round "8"]
[White "Cherkasova, Evgenia"]
[Black "Cherkasova, Marina"]
[Result "1/2-1/2"]
[WhiteElo "2046"]
[BlackElo "2133"]
[PlyCount "20"]
[EventDate "2000.06.??"]
[Source "Martin Tretvold"]

1. e4 e5 2. Nf3 Nc6 3. Bb5 a6 4. Ba4 Nf6 5. c3 b5 6. Bb3 Be7 7. O-O d6 8. d4
Bg4 9. d5 Na5 10. Bc2 c6 1/2-1/2

[Event "LSKs 6:e int. junior"]
[Site "Malmoe"]
[Date "2000.06.21"]
[Round "8"]
[White "Laksman, Efraim"]
[Black "Debowiak, Marcin"]
[Result "0-1"]
[WhiteElo "2121"]
[BlackElo "2114"]
[PlyCount "58"]
[EventDate "2000.06.??"]
[Source "Martin Tretvold"]

1. e4 c5 2. d3 Nc6 3. Nf3 g6 4. c3 Bg7 5. Be3 d6 6. Be2 Nf6 7. Qc1 e5 8. Na3
O-O 9. Bh6 Rb8 10. Bxg7 Kxg7 11. h4 h5 12. Nh2 b5 13. Nc2 b4 14. Ne3 bxc3 15.
bxc3 Be6 16. g4 hxg4 17. Nexg4 Rh8 18. Nxf6 Qxf6 19. Nf3 Bg4 20. Ng5 Bxe2 21.
Kxe2 Nd8 22. Rb1 Ne6 23. Nxe6+ Qxe6 24. c4 Qg4+ 25. Ke3 Qf4+ 26. Ke2 Qg4+ 27.
Ke3 Rxh4 28. Rxb8 Qg5+ 29. Ke2 Qh5+ 0-1

[Event "LSKs 6:e int. junior"]
[Site "Malmoe"]
[Date "2000.06.21"]
[Round "8"]
[White "Stahlberg, Adam"]
[Black "Pirklova, Hana"]
[Result "1/2-1/2"]
[WhiteElo "1857"]
[BlackElo "2076"]
[PlyCount "50"]
[EventDate "2000.06.??"]
[Source "Martin Tretvold"]

1. Nf3 Nf6 2. g3 g6 3. Bg2 Bg7 4. O-O O-O 5. d4 c6 6. c3 d6 7. Re1 Nbd7 8. Nbd2
Qc7 9. e4 e5 10. dxe5 Nxe5 11. Nf1 Nxf3+ 12. Bxf3 Be6 13. Bf4 Rfd8 14. Qe2 Qb6
15. Ne3 d5 16. exd5 Nxd5 17. Nxd5 Bxd5 18. Bxd5 Rxd5 19. Rad1 Rxd1 20. Rxd1 Rd8
21. Re1 h6 22. Qe7 Bf8 23. Qf6 Bg7 24. Qe7 Bf8 25. Qf6 Bg7 1/2-1/2

[Event "LSKs 6:e int. junior"]
[Site "Malmoe"]
[Date "2000.06.21"]
[Round "8"]
[White "Stahlberg, David"]
[Black "Stopa, Pawel"]
[Result "1-0"]
[WhiteElo "1845"]
[BlackElo "1700"]
[PlyCount "47"]
[EventDate "2000.06.??"]
[Source "Martin Tretvold"]

1. Nf3 d5 2. d4 c6 3. c4 dxc4 4. Nc3 Nf6 5. e3 b5 6. a4 Bd7 7. Ne5 e6 8. axb5
cxb5 9. Qf3 Nc6 10. Nxc6 Bxc6 11. Qxc6+ Nd7 12. Nxb5 Rc8 13. Nd6+ Bxd6 14. Qxd6
Qc7 15. Qxc7 Rxc7 16. Bd2 O-O 17. Be2 Nb6 18. O-O Nd5 19. Rfc1 Rfc8 20. Bc3
Nxc3 21. bxc3 Ra8 22. Ra4 a5 23. Rca1 Rca7 24. Bxc4 1-0